000 00833nam a22001937a 4500
005 20241223161717.0
010 _aHIN-129049
020 _a9788123787084
_c200.00
035 _aHN-101395
037 _bDBAD
082 _a
100 _aआलोक, सीतेश
_975577
245 _aसीतेश आलोक: संकलित कहानियां /
_cसीतेश आलोक
250 _aप्रथम
260 _aनई दिल्ली
_bराष्ट्रीय पुस्तक न्यास
_c2018
270 _aनेहरू भवन, 5, इंस्टीट्यूटशनल एरिया, फेज-2, वसंत कुंज
_bनई दिल्ली
_e110070
300 _a173 पृ.
_c20 सेमी (अजिल्द)
942 _2ddc
_cHN
_h
_mआलोक
999 _c207910
_d207910